000 00391cam a22001217a 4500
008 180718b2005 xxu||||| |||| 00| 0 eng d
020 _a8190294601
082 _aT19x54 G918/2004-05
245 _aAlternative economic survey, India 2004-05: disequalising growth
_cby Alternative Survey Group
260 _aDelhi
_bDaanish Books
_c2005
300 _a259p.
650 _aIndia - Economic conditions
999 _c404973
_d404973